[Event "Lovsprings op 06th D"]
[Site "Ringsted"]
[Date "1994.03.27"]
[Round "1"]
[White "Hansen, Ole"]
[Black "Pedersen, Henning Hyldegaard"]
[Result "1-0"]
[WhiteElo "1463"]
[BlackElo "1500"]
[PlyCount "81"]
[EventDate "1994.03.27"]
[EventType "swiss"]
[EventRounds "7"]
[EventCountry "DEN"]
[SourceTitle "EXT 2023"]
[Source "ChessBase"]
[SourceDate "2022.10.05"]
[SourceVersion "1"]
[SourceVersionDate "2022.10.05"]
[SourceQuality "1"]

1. d4 d5 2. c4 c6 3. Nc3 e6 4. Nf3 h6 5. Bf4 Bd6 6. Bxd6 Qxd6 7. e3 b6 8. Bd3 Ne7 9. Qc2 Ba6 10. b3 c5 11. 0-0 Nbc6 12. a3 0-0 13. cxd5 Bxd3 14. Qxd3 Nxd5 15. Ne4 Qe7 16. dxc5 bxc5 17. Rfc1 Rfd8 18. Rxc5 Nf6 19. Nxf6+ Qxf6 20. Qc3 Qxc3 21. Rxc3 Rd6 22. Rac1 Rad8 23. Kf1 Ne7 24. Ke2 f6 25. Rc7 R8d7 26. Rxd7 Rxd7 27. Nd4 Kf7 28. b4 g5 29. a4 e5 30. Nc6 h5 31. Nxe7 Kxe7 32. b5 Ke6 33. Rc6+ Rd6 34. Rc7 a6 35. Rb7 axb5 36. Rxb5 Kd7 37. a5 Ra6 38. Rb6 Rxb6 39. axb6 Kc6 40. Kd3 Kxb6 41. Ke4 1-0